| 000 | 00976cam a22003012 4500 | ||
|---|---|---|---|
| 001 | 24709 | ||
| 003 | BD-RjUL | ||
| 005 | 20211209001104.0 | ||
| 008 | 140315m19121913enk 000 0 eng | ||
| 035 | _a(BD-RjUL)24778 | ||
| 040 |
_aDLC _cCarP _dDLC _beng |
||
| 041 | _aeng | ||
| 051 |
_aPA3873 _b.A2 1912 _cCopy 2. |
||
| 082 |
_a937 _bAPA 1913 |
||
| 100 | 0 |
_aAppianus, _976053 |
|
| 245 | 0 | 0 |
_aAppian's Roman history / _cwith an English translation, by Horace White ... _nV-1 |
| 260 |
_aLondon : _bW. Heinemann; _aNew York : _bThe Macmillan co., _c1912-13. |
||
| 300 |
_a947 P. ; _c17 cm. |
||
| 490 | 0 | _aThe Loeb classical library | |
| 651 | 0 |
_aRome _xHistory, Military. _976054 |
|
| 700 | 1 |
_aWhite, Horace, _d1834-1916, _etr. _976055 |
|
| 700 | 1 |
_aDenniston, J. D. _q(John Dewar), _d1887-1949, _eed. _976056 |
|
| 700 | 1 |
_aRobson, E. Iliff, _eed. _976057 |
|
| 942 |
_2ddc _cBK |
||
| 999 |
_c24709 _d24709 |
||